| 000 | 01318nam a22002897a 4500 | ||
|---|---|---|---|
| 005 | 20170411144332.0 | ||
| 008 | 140714b xxu||||| |||| 00| 0 Urdu d | ||
| 010 | _aUR-8561 B-548027 B-665904 | ||
| 020 |
_a9789350733592 _c220.00 |
||
| 035 | _aU-7116 B-548027 B-665904 | ||
| 037 | _bBPPD/Pub/Ven | ||
| 037 | _bDBAD/Pub. | ||
| 037 | _bPansy Books9Vend.)/Edu.pub. House(Pub.) | ||
| 040 |
_aDPL _bUrdu |
||
| 082 | _a840 | ||
| 100 | _aا نيس چشتی | ||
| 245 |
_aيا د ين و ر ق و ر ق _cا نيس چشتی |
||
| 246 |
_aYaaden Waraq Waraq _bbyAnees Chishti |
||
| 260 |
_aد ھلی _bا يجو کيشنل پبليشنگ ہا ؤس _c2014 |
||
| 260 | _bPansy Books(Vender) | ||
| 270 |
_a3108،و کيل اسٹر يٹ ،کو چہ پنڈ ت ،لال کنو ا ن _bد ھلی _e110006 _k23216162،23214465 |
||
| 270 |
_aR2,/66/A Somesh Vihar,Chhawala _bNew Delhi _e110071 _k01125317355 |
||
| 300 |
_a224ص _c22Cm (Hb) |
||
| 942 |
_2ddc _cUR _e _h840 _mچ ش ت |
||
| 999 |
_c87376 _d87376 |
||